000 00818cam a2200277 a 4500
001 1980154
003 OSt
005 20231011115215.0
008 891113s1990 paua b 001 0 eng c
010 _a 89013619
020 _a0397509723
040 _aDNLM/DLC
_cDLC
_dDLC
050 1 0 _aRC454
_b.C539 1990
060 _aWM 100 C641
082 0 0 _aWM 100 C64l1990
_220
100 _4Edited by Alan, Stoudemire
245 0 0 _aClinical Psychiatry for Medical Students
260 _aPhiladelphia;
_bLippincott,
_cc1990.
300 _axxv, 675 p. :
_bill. ;
_c24 cm.
504 _aFilmography: p. 638-659.
504 _aIncludes bibliographical references and index.
650 0 _aPsychiatry.
_9351
650 2 _aMental Disorders.
_93221
906 _a7
_bcbc
_corignew
_d1
_eocip
_f19
_gy-gencatlg
942 _2z
_cSLOAN
999 _c1265
_d1265